Visualizzazione normale
Vista MARC
- Gironi Primo
di Personal Name
Records bibliografici associati: 1
001 - CONTROL NUMBER
- control field: 36531
003 - CONTROL NUMBER IDENTIFIER
- control field: IT-RoPau
005 - DATE AND TIME OF LATEST TRANSACTION
- control field: 20151125144745.0
008 - FIXED-LENGTH DATA ELEMENTS
- fixed length control field: 151125|| aca||aabn | a|a d
040 ## - CATALOGING SOURCE
- Original cataloging agency: IT-RoPau
- Transcribing agency: IT-RoPau
100 ## - HEADING--PERSONAL NAME
- Personal name: Gironi Primo
- Relator term: (soggetto)
- Miscellaneous information: Codice Soggetto 2° SPICS: 34827
670 ## - SOURCE DATA FOUND
- Source citation: Work cat.: (IT-RoPau)104583: Di Diodato Roberto Codice regista SPICS: 55765 36526, CAMMINO DI DIO CON L'UOMO (IL) - LA TERRA DOVE SCORRE LATTE E MIELE CAMMINO DI DIO CON L'UOMO (IL) - LA TERRA DOVE SCORRE LATTE E MIELE (Rif. Codice opera principale : H3885)